<?xml version="1.0" encoding="UTF-8"?>
<collection xmlns="http://www.loc.gov/MARC21/slim">
 <record>
  <leader>05816cam a2201093   4500</leader>
  <controlfield tag="001">308537904</controlfield>
  <controlfield tag="003">DE-627</controlfield>
  <controlfield tag="005">20241219163014.0</controlfield>
  <controlfield tag="007">tu</controlfield>
  <controlfield tag="008">000103s1999    gw ||||| m    00| ||ger c</controlfield>
  <datafield tag="010" ind1=" " ind2=" ">
   <subfield code="a">   00337692 </subfield>
  </datafield>
  <datafield tag="015" ind1=" " ind2=" ">
   <subfield code="a">00,N03,0572</subfield>
   <subfield code="2">dnb</subfield>
  </datafield>
  <datafield tag="015" ind1=" " ind2=" ">
   <subfield code="a">01,A23,1319</subfield>
   <subfield code="2">dnb</subfield>
  </datafield>
  <datafield tag="016" ind1="7" ind2=" ">
   <subfield code="a">958123918</subfield>
   <subfield code="2">DE-101</subfield>
  </datafield>
  <datafield tag="020" ind1=" " ind2=" ">
   <subfield code="a">3871571822</subfield>
   <subfield code="c">ca. DM 168.00, ca. sfr 149.00, ca. S 1226.00 (Gewebe)</subfield>
   <subfield code="9">3-87157-182-2</subfield>
  </datafield>
  <datafield tag="035" ind1=" " ind2=" ">
   <subfield code="a">(DE-627)308537904</subfield>
  </datafield>
  <datafield tag="035" ind1=" " ind2=" ">
   <subfield code="a">(DE-576)083050272</subfield>
  </datafield>
  <datafield tag="035" ind1=" " ind2=" ">
   <subfield code="a">(DE-599)DNB958123918</subfield>
  </datafield>
  <datafield tag="035" ind1=" " ind2=" ">
   <subfield code="a">(OCoLC)491110267</subfield>
  </datafield>
  <datafield tag="035" ind1=" " ind2=" ">
   <subfield code="a">(OCoLC)45466370</subfield>
  </datafield>
  <datafield tag="040" ind1=" " ind2=" ">
   <subfield code="a">DE-627</subfield>
   <subfield code="b">ger</subfield>
   <subfield code="c">DE-627</subfield>
   <subfield code="e">rakwb</subfield>
  </datafield>
  <datafield tag="041" ind1=" " ind2=" ">
   <subfield code="a">ger</subfield>
  </datafield>
  <datafield tag="044" ind1=" " ind2=" ">
   <subfield code="c">XA-DE</subfield>
   <subfield code="c">XA-DE-BE</subfield>
  </datafield>
  <datafield tag="050" ind1=" " ind2="0">
   <subfield code="a">NK9798.S97</subfield>
  </datafield>
  <datafield tag="082" ind1="0" ind2=" ">
   <subfield code="a">730.943</subfield>
   <subfield code="q">OCLC</subfield>
   <subfield code="2">21</subfield>
  </datafield>
  <datafield tag="084" ind1=" " ind2=" ">
   <subfield code="a">46</subfield>
   <subfield code="a">12</subfield>
   <subfield code="2">sdnb</subfield>
  </datafield>
  <datafield tag="084" ind1=" " ind2=" ">
   <subfield code="a">9,10</subfield>
   <subfield code="2">ssgn</subfield>
  </datafield>
  <datafield tag="084" ind1=" " ind2=" ">
   <subfield code="a">LI 87450</subfield>
   <subfield code="2">rvk</subfield>
   <subfield code="0">(DE-625)rvk/97227:</subfield>
  </datafield>
  <datafield tag="084" ind1=" " ind2=" ">
   <subfield code="a">LK 73422</subfield>
   <subfield code="2">rvk</subfield>
   <subfield code="0">(DE-625)rvk/98154:13313</subfield>
  </datafield>
  <datafield tag="084" ind1=" " ind2=" ">
   <subfield code="a">ZS 5240</subfield>
   <subfield code="2">rvk</subfield>
   <subfield code="0">(DE-625)rvk/158289:</subfield>
  </datafield>
  <datafield tag="084" ind1=" " ind2=" ">
   <subfield code="a">NZ 79240</subfield>
   <subfield code="q">DE-24/21sred</subfield>
   <subfield code="2">rvk</subfield>
   <subfield code="0">(DE-625)rvk/163620:14233</subfield>
  </datafield>
  <datafield tag="084" ind1=" " ind2=" ">
   <subfield code="a">07</subfield>
   <subfield code="2">bwlb</subfield>
  </datafield>
  <datafield tag="084" ind1=" " ind2=" ">
   <subfield code="a">851</subfield>
   <subfield code="2">bwlb</subfield>
  </datafield>
  <datafield tag="084" ind1=" " ind2=" ">
   <subfield code="a">20.31</subfield>
   <subfield code="2">bkl</subfield>
  </datafield>
  <datafield tag="084" ind1=" " ind2=" ">
   <subfield code="a">21.52</subfield>
   <subfield code="2">bkl</subfield>
  </datafield>
  <datafield tag="084" ind1=" " ind2=" ">
   <subfield code="a">21.87</subfield>
   <subfield code="2">bkl</subfield>
  </datafield>
  <datafield tag="084" ind1=" " ind2=" ">
   <subfield code="a">21.59</subfield>
   <subfield code="2">bkl</subfield>
  </datafield>
  <datafield tag="084" ind1=" " ind2=" ">
   <subfield code="a">15.55</subfield>
   <subfield code="2">bkl</subfield>
  </datafield>
  <datafield tag="100" ind1="1" ind2=" ">
   <subfield code="a">Gropp, David</subfield>
   <subfield code="d">1958-</subfield>
   <subfield code="0">(DE-588)140424083</subfield>
   <subfield code="0">(DE-627)703671383</subfield>
   <subfield code="0">(DE-576)318054469</subfield>
   <subfield code="4">aut</subfield>
  </datafield>
  <datafield tag="245" ind1="1" ind2="4">
   <subfield code="a">Das Ulmer Chorgestühl und Jörg Syrlin der Ältere</subfield>
   <subfield code="b">Untersuchungen zu Architektur und Bildwerk</subfield>
   <subfield code="c">David Gropp</subfield>
  </datafield>
  <datafield tag="263" ind1=" " ind2=" ">
   <subfield code="a">Gewebe : ca. DM 168.00, ca. sfr 149.00, ca. S 1226.00</subfield>
  </datafield>
  <datafield tag="264" ind1=" " ind2="1">
   <subfield code="a">Berlin</subfield>
   <subfield code="b">Dt. Verl. für Kunstwiss.</subfield>
   <subfield code="c">1999</subfield>
  </datafield>
  <datafield tag="300" ind1=" " ind2=" ">
   <subfield code="a">184 S.</subfield>
   <subfield code="b">zahlr. Ill.</subfield>
  </datafield>
  <datafield tag="336" ind1=" " ind2=" ">
   <subfield code="a">Text</subfield>
   <subfield code="b">txt</subfield>
   <subfield code="2">rdacontent</subfield>
  </datafield>
  <datafield tag="337" ind1=" " ind2=" ">
   <subfield code="a">ohne Hilfsmittel zu benutzen</subfield>
   <subfield code="b">n</subfield>
   <subfield code="2">rdamedia</subfield>
  </datafield>
  <datafield tag="338" ind1=" " ind2=" ">
   <subfield code="a">Band</subfield>
   <subfield code="b">nc</subfield>
   <subfield code="2">rdacarrier</subfield>
  </datafield>
  <datafield tag="490" ind1="1" ind2=" ">
   <subfield code="a">Neue Forschungen zur deutschen Kunst</subfield>
   <subfield code="v">4</subfield>
  </datafield>
  <datafield tag="502" ind1=" " ind2=" ">
   <subfield code="a">Zugl.: Berlin, Freie Univ., Diss., 1996</subfield>
  </datafield>
  <datafield tag="583" ind1="1" ind2=" ">
   <subfield code="a">Archivierung/Langzeitarchivierung gewährleistet</subfield>
   <subfield code="f">SSG</subfield>
   <subfield code="x">XA-DE-BW</subfield>
   <subfield code="2">pdager</subfield>
   <subfield code="5">DE-16</subfield>
  </datafield>
  <datafield tag="600" ind1="1" ind2="0">
   <subfield code="a">Syrlin, Jörg</subfield>
   <subfield code="d">approximately 1425-1491</subfield>
   <subfield code="x">Criticism and interpretation</subfield>
  </datafield>
  <datafield tag="600" ind1="1" ind2="7">
   <subfield code="0">(DE-588)11875811X</subfield>
   <subfield code="0">(DE-627)079537987</subfield>
   <subfield code="0">(DE-576)209414855</subfield>
   <subfield code="a">Syrlin, Jörg</subfield>
   <subfield code="d">1425-1491</subfield>
   <subfield code="2">gnd</subfield>
   <subfield code="7">(dpeaa)DE-631</subfield>
  </datafield>
  <datafield tag="610" ind1="1" ind2="0">
   <subfield code="a">Ulmer Münster</subfield>
  </datafield>
  <datafield tag="648" ind1=" " ind2="4">
   <subfield code="a">Geschichte 1468-1474</subfield>
  </datafield>
  <datafield tag="650" ind1=" " ind2="0">
   <subfield code="a">Choir stalls, Gothic</subfield>
   <subfield code="z">Germany</subfield>
   <subfield code="z">Ulm</subfield>
  </datafield>
  <datafield tag="650" ind1=" " ind2="0">
   <subfield code="a">Wood-carving</subfield>
   <subfield code="z">Germany</subfield>
   <subfield code="z">Ulm</subfield>
  </datafield>
  <datafield tag="650" ind1=" " ind2="0">
   <subfield code="a">Wood-carving, Gothic</subfield>
   <subfield code="z">Germany</subfield>
   <subfield code="z">Ulm</subfield>
  </datafield>
  <datafield tag="650" ind1=" " ind2="0">
   <subfield code="a">Choir stalls</subfield>
   <subfield code="z">Germany</subfield>
   <subfield code="z">Ulm</subfield>
  </datafield>
  <datafield tag="650" ind1="0" ind2="7">
   <subfield code="0">(DE-588)4147900-2</subfield>
   <subfield code="0">(DE-627)105572977</subfield>
   <subfield code="0">(DE-576)209760508</subfield>
   <subfield code="a">Chorgestühl</subfield>
   <subfield code="2">gnd</subfield>
   <subfield code="7">(dpeaa)DE-631</subfield>
  </datafield>
  <datafield tag="650" ind1="0" ind2="7">
   <subfield code="0">(DE-588)4021656-1</subfield>
   <subfield code="0">(DE-627)104732164</subfield>
   <subfield code="0">(DE-576)208939210</subfield>
   <subfield code="a">Gotik</subfield>
   <subfield code="2">gnd</subfield>
   <subfield code="7">(dpeaa)DE-631</subfield>
  </datafield>
  <datafield tag="650" ind1="0" ind2="7">
   <subfield code="0">(DE-588)4077146-5</subfield>
   <subfield code="0">(DE-627)106080997</subfield>
   <subfield code="0">(DE-576)209204168</subfield>
   <subfield code="a">Schnitzerei</subfield>
   <subfield code="2">gnd</subfield>
   <subfield code="7">(dpeaa)DE-631</subfield>
  </datafield>
  <datafield tag="650" ind1="0" ind2="7">
   <subfield code="0">(DE-588)4073436-5</subfield>
   <subfield code="0">(DE-627)104791268</subfield>
   <subfield code="0">(DE-576)209190450</subfield>
   <subfield code="a">Kirchenbau</subfield>
   <subfield code="2">gnd</subfield>
   <subfield code="7">(dpeaa)DE-631</subfield>
  </datafield>
  <datafield tag="650" ind1="0" ind2="7">
   <subfield code="0">(DE-588)4138356-4</subfield>
   <subfield code="0">(DE-627)105643300</subfield>
   <subfield code="0">(DE-576)209685352</subfield>
   <subfield code="a">Ausstattung</subfield>
   <subfield code="2">gnd</subfield>
   <subfield code="7">(dpeaa)DE-631</subfield>
  </datafield>
  <datafield tag="651" ind1=" " ind2="7">
   <subfield code="0">(DE-588)4212398-7</subfield>
   <subfield code="0">(DE-627)105081051</subfield>
   <subfield code="0">(DE-576)210209194</subfield>
   <subfield code="a">Münster Ulm</subfield>
   <subfield code="g">Ulm</subfield>
   <subfield code="2">gnd</subfield>
   <subfield code="7">(dpeaa)DE-631</subfield>
  </datafield>
  <datafield tag="651" ind1=" " ind2="7">
   <subfield code="0">(DE-588)4061529-7</subfield>
   <subfield code="0">(DE-627)106135341</subfield>
   <subfield code="0">(DE-576)209140232</subfield>
   <subfield code="a">Ulm</subfield>
   <subfield code="2">gnd</subfield>
   <subfield code="7">(dpeaa)DE-631</subfield>
  </datafield>
  <datafield tag="655" ind1=" " ind2="7">
   <subfield code="a">Hochschulschrift</subfield>
   <subfield code="0">(DE-588)4113937-9</subfield>
   <subfield code="0">(DE-627)105825778</subfield>
   <subfield code="0">(DE-576)209480580</subfield>
   <subfield code="2">gnd-content</subfield>
  </datafield>
  <datafield tag="655" ind1=" " ind2="7">
   <subfield code="a">Biografie</subfield>
   <subfield code="0">(DE-588)4006804-3</subfield>
   <subfield code="0">(DE-627)104213493</subfield>
   <subfield code="0">(DE-576)208867147</subfield>
   <subfield code="2">gnd-content</subfield>
  </datafield>
  <datafield tag="689" ind1="0" ind2="0">
   <subfield code="d">p</subfield>
   <subfield code="0">(DE-588)11875811X</subfield>
   <subfield code="0">(DE-627)079537987</subfield>
   <subfield code="0">(DE-576)209414855</subfield>
   <subfield code="a">Syrlin, Jörg</subfield>
   <subfield code="d">1425-1491</subfield>
   <subfield code="2">gnd</subfield>
  </datafield>
  <datafield tag="689" ind1="0" ind2="1">
   <subfield code="d">g</subfield>
   <subfield code="0">(DE-588)4212398-7</subfield>
   <subfield code="0">(DE-627)105081051</subfield>
   <subfield code="0">(DE-576)210209194</subfield>
   <subfield code="a">Münster Ulm</subfield>
   <subfield code="g">Ulm</subfield>
   <subfield code="2">gnd</subfield>
  </datafield>
  <datafield tag="689" ind1="0" ind2="2">
   <subfield code="d">s</subfield>
   <subfield code="0">(DE-588)4147900-2</subfield>
   <subfield code="0">(DE-627)105572977</subfield>
   <subfield code="0">(DE-576)209760508</subfield>
   <subfield code="a">Chorgestühl</subfield>
   <subfield code="2">gnd</subfield>
  </datafield>
  <datafield tag="689" ind1="0" ind2="3">
   <subfield code="a">z</subfield>
   <subfield code="2">gnd</subfield>
   <subfield code="a">Geschichte 1468-1474</subfield>
  </datafield>
  <datafield tag="689" ind1="0" ind2=" ">
   <subfield code="5">DE-101</subfield>
  </datafield>
  <datafield tag="751" ind1=" " ind2=" ">
   <subfield code="a">Berlin</subfield>
   <subfield code="0">(DE-588)4005728-8</subfield>
   <subfield code="0">(DE-627)10482638X</subfield>
   <subfield code="0">(DE-576)208862560</subfield>
   <subfield code="4">uvp</subfield>
  </datafield>
  <datafield tag="787" ind1="0" ind2="8">
   <subfield code="i">Rezension</subfield>
   <subfield code="a">Hoffmann, Godehard, 1959 - </subfield>
   <subfield code="t">[Rezension von: David Gropp, Das Ulmer Chorgestühl und Jörg Syrlin der Ältere]</subfield>
   <subfield code="d">2001</subfield>
   <subfield code="w">(DE-627)1777273552</subfield>
  </datafield>
  <datafield tag="830" ind1=" " ind2="0">
   <subfield code="a">Neue Forschungen zur deutschen Kunst</subfield>
   <subfield code="v">4</subfield>
   <subfield code="9">4</subfield>
   <subfield code="w">(DE-627)360062016</subfield>
   <subfield code="w">(DE-576)069035075</subfield>
   <subfield code="w">(DE-600)2099056-X</subfield>
   <subfield code="7">ns</subfield>
  </datafield>
  <datafield tag="889" ind1=" " ind2=" ">
   <subfield code="w">(DE-576)484030248</subfield>
  </datafield>
  <datafield tag="889" ind1=" " ind2=" ">
   <subfield code="w">(DE-627)322983746</subfield>
  </datafield>
  <datafield tag="935" ind1=" " ind2=" ">
   <subfield code="a">BGTS</subfield>
   <subfield code="a">BWLB</subfield>
  </datafield>
  <datafield tag="935" ind1=" " ind2=" ">
   <subfield code="i">Blocktest</subfield>
  </datafield>
  <datafield tag="936" ind1="r" ind2="v">
   <subfield code="a">LI 87450</subfield>
   <subfield code="b">Syrlin, Jörg (der Ältere)</subfield>
   <subfield code="k">Kunstgeschichte</subfield>
   <subfield code="k">Künstler-Monografien</subfield>
   <subfield code="k">Alphabetische Künstlerliste</subfield>
   <subfield code="k">Künstler S</subfield>
   <subfield code="k">Syrlin, Jörg (der Ältere)</subfield>
   <subfield code="0">(DE-627)1270883585</subfield>
   <subfield code="0">(DE-625)rvk/97227:</subfield>
   <subfield code="0">(DE-576)200883585</subfield>
  </datafield>
  <datafield tag="936" ind1="r" ind2="v">
   <subfield code="a">LK 73422</subfield>
   <subfield code="b">Kirchen, Kathedralen</subfield>
   <subfield code="k">Kunstgeschichte</subfield>
   <subfield code="k">Kunst nach Ländern bzw. Kontinenten</subfield>
   <subfield code="k">Deutschland</subfield>
   <subfield code="k">Kunsttopografie Deutschlands</subfield>
   <subfield code="k">Orte Deutschlands</subfield>
   <subfield code="k">Orte U</subfield>
   <subfield code="k">Ulm</subfield>
   <subfield code="k">Kirchen, Kathedralen</subfield>
   <subfield code="0">(DE-627)1270930656</subfield>
   <subfield code="0">(DE-625)rvk/98154:13313</subfield>
   <subfield code="0">(DE-576)200930656</subfield>
  </datafield>
  <datafield tag="936" ind1="r" ind2="v">
   <subfield code="a">ZS 5240</subfield>
   <subfield code="b">Möbeltischlerei, Möbelbau</subfield>
   <subfield code="k">Technik</subfield>
   <subfield code="k">Handwerk, Feinwerktechnik, Holztechnik, Papiertechnik, Textiltechnik und sonstige Technik</subfield>
   <subfield code="k">Holztechnik</subfield>
   <subfield code="k">Holzverarbeitung</subfield>
   <subfield code="k">Möbeltischlerei, Möbelbau</subfield>
   <subfield code="0">(DE-627)1271746573</subfield>
   <subfield code="0">(DE-625)rvk/158289:</subfield>
   <subfield code="0">(DE-576)201746573</subfield>
  </datafield>
  <datafield tag="936" ind1="r" ind2="v">
   <subfield code="a">NZ 79240</subfield>
   <subfield code="b">Biografien</subfield>
   <subfield code="k">Geschichte</subfield>
   <subfield code="k">Regionale Landeskunde</subfield>
   <subfield code="k">Baden-Württemberg</subfield>
   <subfield code="k">Landesgeschichte regional</subfield>
   <subfield code="k">Geschichte einzelner Orte (inklusive Stadtkreise)</subfield>
   <subfield code="k">Ulm</subfield>
   <subfield code="k">Biografien</subfield>
   <subfield code="0">(DE-627)1685792677</subfield>
   <subfield code="0">(DE-625)rvk/163620:14233</subfield>
  </datafield>
  <datafield tag="936" ind1="b" ind2="k">
   <subfield code="a">20.31</subfield>
   <subfield code="j">Bildende Künstler</subfield>
   <subfield code="0">(DE-627)181571080</subfield>
  </datafield>
  <datafield tag="936" ind1="b" ind2="k">
   <subfield code="a">21.52</subfield>
   <subfield code="j">Geschichte der Bildhauerei</subfield>
   <subfield code="0">(DE-627)106405829</subfield>
  </datafield>
  <datafield tag="936" ind1="b" ind2="k">
   <subfield code="a">21.87</subfield>
   <subfield code="j">Holzkunst</subfield>
   <subfield code="0">(DE-627)106415743</subfield>
  </datafield>
  <datafield tag="936" ind1="b" ind2="k">
   <subfield code="a">21.59</subfield>
   <subfield code="j">Bildhauerei: Sonstiges</subfield>
   <subfield code="0">(DE-627)106405810</subfield>
  </datafield>
  <datafield tag="936" ind1="b" ind2="k">
   <subfield code="a">15.55</subfield>
   <subfield code="j">Baden-Württemberg</subfield>
   <subfield code="x">Geschichte</subfield>
   <subfield code="q">coli-conc RVK-&gt;BK</subfield>
   <subfield code="q">https://coli-conc.gbv.de/api/mappings/58b6b720-6ba5-4068-ac06-4bb36eb8c635</subfield>
   <subfield code="0">(DE-627)181571617</subfield>
  </datafield>
  <datafield tag="951" ind1=" " ind2=" ">
   <subfield code="a">BO</subfield>
  </datafield>
  <datafield tag="990" ind1=" " ind2=" ">
   <subfield code="a">Syrlin, Jörg</subfield>
  </datafield>
  <datafield tag="990" ind1=" " ind2=" ">
   <subfield code="a">Münster Ulm</subfield>
  </datafield>
  <datafield tag="990" ind1=" " ind2=" ">
   <subfield code="a">Chorgestühl</subfield>
  </datafield>
  <datafield tag="990" ind1=" " ind2=" ">
   <subfield code="a">Geschichte 1468-1474</subfield>
  </datafield>
  <datafield tag="991" ind1=" " ind2=" ">
   <subfield code="a">Rezensiertes Werk</subfield>
  </datafield>
  <datafield tag="999" ind1=" " ind2=" ">
   <subfield code="a">KXP-PPN308537904</subfield>
   <subfield code="e">4042268625</subfield>
  </datafield>
 </record>
</collection>
